Προπονητική και συστήματα ποδοσφαίρου

Αποθηκεύτηκε σε:
Λεπτομέρειες βιβλιογραφικής εγγραφής
Κύριος συγγραφέας: Τσολακίδης, Παύλος
Μορφή: Βιβλίο
Γλώσσα:Greek
Δημοσίευση: Θεσσαλονίκη : Σάλτο, 1988
Θέματα:
Ετικέτες: Προσθήκη ετικέτας
Δεν υπάρχουν, Καταχωρήστε ετικέτα πρώτοι!

MARC

LEADER 00000nam a2200000 i 4500
001 1/55201
008 941103s1988 gre d
035 |a 1994  |c ΒΙΒΛΙΟΘΗΚΗ  |l 10045220 
035 |a 1991  |b 3  |c Μικιόζος 
040 |a GR-MY-UA  |b gre  |e aacr 
041 0 |a gre 
082 0 |a 796.33207 
100 1 |a Τσολακίδης, Παύλος. 
245 1 0 |a Προπονητική και συστήματα ποδοσφαίρου /  |c Παύλος Τσολακίδης 
246 3 3 |a Προπονητική & συστήματα ποδοσφαίρου 
260 |a Θεσσαλονίκη :   |b Σάλτο,   |c 1988 
300 |a 247 σ.;  |c 24 εκ. 
505 0 |a Μεθοδική στις μικρές ηλικίες. - Παιχνίδια με χρόνο. - Προπόνηση τερματοφύλακα 
650 0 0 |a Football  |x Training. 
650 0 0 |a Physical education and training. 
650 0 0 |a Soccer  |x Training. 
650 0 0 |a Soccer for children. 
650 0 0 |a Soccer goalkeepers. 
650 0 0 |a Soccer  |x Goalkeeping. 
852 |a INST  |b RHODES  |e 19960906  |h 796.334 ΤΣΟ  |p 005400008217  |q 005400008217  |t BK  |y 0 
852 |a INST  |b SAMOS  |e 19941103  |h 796.33207 ΤΣΟ  |p 005300006703  |q 005300006703  |t BK  |y 0 
909 |a Σ  |b 034634 
909 |a Ρ  |b 021817 
922 |a 4ΕΛΗ  |b 199105  |c ΜΙΚΙΟΖΟΣ 
970 |a ΧΟΡΟΖΙΔΟΥ  |b ΤΖΕΝΗ  |z 1999/11/08